00361nam a2200133Ia 450000500170000000800420001702000180005908200130007710000140009024500540010426000380015830000130019665000180020920241209053522.0240331s9999 xx 000 0 und dl a9789558943052 bHARa891 aHarris, S 4aThe rolled back beach :bstories from the Tsunami aColombobINSCRIPT (PVT) LTDc2008 a98 p .,  aShort Stories